[Event "GER-chT U14"]
[Site "Verden"]
[Date "2015.12.30"]
[Round "7.4"]
[White "Binner, Jule"]
[Black "Browning, Rebecca"]
[Result "0-1"]
[WhiteElo "1393"]
[BlackElo "1577"]
[PlyCount "74"]
[EventDate "2015.12.27"]
[EventType "team-swiss"]
[EventRounds "7"]
[EventCountry "GER"]
[SourceTitle "EXT 2017"]
[Source "ChessBase"]
[SourceDate "2016.10.25"]
[SourceVersion "1"]
[SourceVersionDate "2016.10.25"]
[SourceQuality "1"]
[WhiteTeam "Stetten"]
[BlackTeam "Halver Schalksmuehle"]
[WhiteTeamCountry "GER"]
[BlackTeamCountry "GER"]

1. e4 e6 2. d4 d5 3. exd5 exd5 4. Bd3 c5 5. dxc5 Bxc5 6. Nf3 Nf6 7. 0-0 0-0 8. c3 Nc6 9. Bg5 Be7 10. Nbd2 h6 11. Bxf6 Bxf6 12. Nb3 Re8 13. Qc2 Be6 14. Rfe1 Rc8 15. Qd2 Qc7 16. Bc2 Red8 17. Nbd4 Bg4 18. Qd3 g6 19. Rac1 Ne5 20. Nxe5 Bxe5 21. h3 Bd7 22. Rcd1 Bf6 23. Bb3 Bxd4 24. Qxd4 b6 25. Qh4 h5 26. Bxd5 Re8 27. Qf6 Bf5 28. g4 hxg4 29. hxg4 Bxg4 30. Qxg6+ Kh8 31. Rxe8+ Rxe8 32. Qxg4 Rg8 33. Qxg8+ Kxg8 34. Bb3 a5 35. Rd5 Qf4 36. Rd8+ Kg7 37. Kg2 Qg5+ 0-1

[Event "GER-chT U14 Girls"]
[Site "Arendsee"]
[Date "2011.12.30"]
[Round "7.4"]
[White "Jentzsch, Juliane"]
[Black "Binner, Jule"]
[Result "1-0"]
[WhiteElo "1227"]
[BlackElo "894"]
[PlyCount "109"]
[EventDate "2011.12.27"]
[EventType "team-swiss"]
[EventRounds "7"]
[EventCountry "GER"]
[SourceTitle "EXT 2022"]
[Source "ChessBase"]
[SourceDate "2021.10.06"]
[SourceVersion "1"]
[SourceVersionDate "2021.10.06"]
[SourceQuality "1"]
[WhiteTeam "Chemnitz USG U14 Girls"]
[BlackTeam "Stetten U14 Girls"]
[WhiteTeamCountry "GER"]
[BlackTeamCountry "GER"]

1. c4 e5 2. Nc3 Nc6 3. g3 f5 4. d3 Nf6 5. Bg2 g6 6. e3 d6 7. f4 Bg7 8. a3 0-0 9. Nf3 Re8 10. 0-0 h6 11. Qc2 Nd7 12. Rb1 Nb6 13. b4 Be6 14. Bb2 a6 15. Rfe1 g5 16. Nd2 g4 17. e4 Nd4 18. Qd1 Qf6 19. Ne2 Rad8 20. Nxd4 exd4 21. Nb3 Qf7 22. Nxd4 Re7 23. exf5 Bd7 24. Qxg4 Rxe1+ 25. Rxe1 Kh7 26. Re2 Rg8 27. Qf3 Bxd4+ 28. Bxd4 Bc6 29. Qf2 Bxg2 30. Qxg2 c6 31. Bxb6 Qxf5 32. Qe4 Qxe4 33. Rxe4 d5 34. Re7+ Kg6 35. cxd5 cxd5 36. Rxb7 Re8 37. Kf2 Re6 38. Bc5 Rc6 39. Rb6 Rxb6 40. Bxb6 Kf5 41. Ke3 Kg4 42. Kd4 Kh3 43. f5 Kxh2 44. f6 Kxg3 45. f7 h5 46. Bd8 h4 47. Bxh4+ Kxh4 48. f8Q Kg4 49. Kxd5 Kg5 50. Ke4 Kg6 51. Ke5 Kg5 52. Qg8+ Kh5 53. Kf4 Kh6 54. Kf5 Kh5 55. Qg5# 1-0

[Event "GER-chT U14 Girls"]
[Site "Arendsee"]
[Date "2011.12.27"]
[Round "2.4"]
[White "Binner, Jule"]
[Black "Boese, Carolin"]
[Result "0-1"]
[WhiteElo "894"]
[BlackElo "969"]
[PlyCount "54"]
[EventDate "2011.12.27"]
[EventType "team-swiss"]
[EventRounds "7"]
[EventCountry "GER"]
[SourceTitle "EXT 2022"]
[Source "ChessBase"]
[SourceDate "2021.10.06"]
[SourceVersion "1"]
[SourceVersionDate "2021.10.06"]
[SourceQuality "1"]
[WhiteTeam "Stetten U14 Girls"]
[BlackTeam "Bechhofen U14 Girls"]
[WhiteTeamCountry "GER"]
[BlackTeamCountry "GER"]

1. e4 e5 2. f4 d5 3. exd5 e4 4. Nc3 Nf6 5. d3 Bb4 6. Bd2 exd3 7. Bxd3 0-0 8. Nf3 Bxc3 9. Bxc3 Nxd5 10. Qd2 Re8+ 11. Be2 Qe7 12. Nd4 Nc6 13. Nf5 Bxf5 14. Rf1 Rad8 15. Rf2 Nxf4 16. Qxf4 Bxc2 17. Qg3 g6 18. Kf1 Nd4 19. Bc4 Nf5 20. Qf4 Bd3+ 21. Bxd3 Rxd3 22. Kg1 Red8 23. g4 Nh4 24. Qh6 Rd1+ 25. Rxd1 Rxd1+ 26. Rf1 Qc5+ 27. Kh1 Rxf1# 0-1

[Event "GER-chT U14 Girls"]
[Site "Arendsee"]
[Date "2011.12.27"]
[Round "1.4"]
[White "Mueller, Jennifer"]
[Black "Binner, Jule"]
[Result "0-1"]
[WhiteElo "945"]
[BlackElo "894"]
[PlyCount "116"]
[EventDate "2011.12.27"]
[EventType "team-swiss"]
[EventRounds "7"]
[EventCountry "GER"]
[SourceTitle "EXT 2022"]
[Source "ChessBase"]
[SourceDate "2021.10.06"]
[SourceVersion "1"]
[SourceVersionDate "2021.10.06"]
[SourceQuality "1"]
[WhiteTeam "Porz SG U14 Girls"]
[BlackTeam "Stetten U14 Girls"]
[WhiteTeamCountry "GER"]
[BlackTeamCountry "GER"]

1. e4 c5 2. Nf3 d6 3. h3 a6 4. Bc4 b5 5. Bd5 Ra7 6. d3 e6 7. Bb3 Bb7 8. c3 Nc6 9. Bg5 Be7 10. Be3 Nf6 11. d4 c4 12. Bc2 Ra8 13. 0-0 0-0 14. Na3 d5 15. e5 Nd7 16. Qc1 f5 17. Bg5 Bxg5 18. Nxg5 Qe7 19. Bb1 h6 20. Nf3 b4 21. cxb4 Qxb4 22. Qd2 Qxd2 23. Nxd2 Nxd4 24. Re1 Rac8 25. Re3 f4 26. Re1 f3 27. Nxf3 Nxf3+ 28. gxf3 Rxf3 29. Bc2 Rcf8 30. Re2 Rxh3 31. f4 Rxf4 32. Rf1 Rxf1+ 33. Kxf1 Rf3+ 34. Kg2 Rf4 35. Kg3 g5 36. Rh2 Kg7 37. Rf2 Rxf2 38. Kxf2 Nxe5 39. Ke3 h5 40. Bd1 h4 41. Kf2 d4 42. Nc2 d3 43. Nd4 Kf6 44. Kg1 g4 45. Kf2 g3+ 46. Ke3 h3 47. Nf3 d2 48. Nxd2 h2 49. Ne4+ Bxe4 50. Kxe4 h1Q+ 51. Kd4 Qxd1+ 52. Ke4 Qf3+ 53. Kd4 c3 54. bxc3 Qd3+ 55. Kc5 Qxc3+ 56. Kd6 Nf7+ 57. Kd7 Qc5 58. Ke8 Qe7# 0-1

[Event "GER-chB U25"]
[Site "Oberhof"]
[Date "2011.06.12"]
[Round "1"]
[White "Binner, Jule"]
[Black "Werner, Justus"]
[Result "0-1"]
[WhiteElo "831"]
[BlackElo "1344"]
[PlyCount "100"]
[EventDate "2011.06.11"]
[EventType "swiss"]
[EventRounds "9"]
[EventCountry "GER"]
[SourceTitle "CBM 142 Extra"]
[Source "ChessBase"]
[SourceDate "2011.06.27"]
[SourceVersion "1"]
[SourceVersionDate "2011.06.27"]
[SourceQuality "1"]

1. e4 c5 2. Nc3 e6 3. g3 Nc6 4. d3 Nge7 5. Bg2 g6 6. f4 Bg7 7. Nge2 d5 8. e5 0-0 9. 0-0 a6 10. Qe1 b5 11. Nd1 Bb7 12. Nf2 f6 13. exf6 Bxf6 14. Ng4 Bg7 15. Rb1 Nf5 16. Bd2 Qd7 17. Bc3 Ncd4 18. Bxd4 Nxd4 19. Nxd4 Bxd4+ 20. Kh1 c4 21. dxc4 bxc4 22. c3 Bg7 23. Ne5 Qa4 24. a3 Rab8 25. Ng4 Bc8 26. Rf2 Rf7 27. Qd1 Qxd1+ 28. Rxd1 Rfb7 29. Ne5 Bxe5 30. fxe5 Rxb2 31. Rxb2 Rxb2 32. Bh3 Kf7 33. Rf1+ Ke7 34. Rf6 Rb3 35. Rf3 Rxa3 36. Kg1 d4 37. Rf4 dxc3 38. Rxc4 Bd7 39. Rc7 a5 40. Bg2 Kd8 41. Rc4 a4 42. Bc6 Bxc6 43. Rxc6 Kd7 44. Rc5 Rb3 45. Ra5 c2 46. Ra7+ Kc6 47. Ra6+ Rb6 48. Rxa4 c1Q+ 49. Kg2 Qc2+ 50. Kh3 Qxa4 0-1